BIBLIOTHÈQUE DE LA MAISON DU MEXIQUE

Logo 1 Logo 2

Curanderismo y hechicería en la costa de Michoacán (notice nᵒ 4799)

détails MARC
000 -Sello discográfico
campo de control de longitud fija 01687nam0a2200409 4500
005 - Identificación de versión
campo de control 20251016083911.0
010 ## - Número Estándar Internacional de Libros (ISBN)
Número (ISBN) 978-607-424-169-3
035 ## - Otros números de control del sistema
Número de control del sistema 33698
035 ## - Otros números de control del sistema
Número de control del sistema 33699
099 ## - fechas locales
Tipo de ítem Koha LIBRO
100 ## - Datos de procesamiento general
Datos de procesamiento general 20110830d2010 m y1spay5003 ba
105 ## - Campo de datos codificados: Material textual, monográfico
Datos codificados de monografía a 001zy
200 1# - Título y mención de responsabilidad
Título propio Curanderismo y hechicería en la costa de Michoacán
Designación general del material texto impreso
Otra información del título el proceso inquisitorial contra Hernán Sánchez Ordiales, cura beneficiado de Coalcomán, 1623-1625
Primer mención de responsabilidad Estudios introductorios Gerardo Sánchez Díaz, J. Benedict Warren
Declaración de responsabilidad subsiguiente paleografía y preparación de texto J. Benedict Warren
210 ## - Publicación, distribución, etc.
Lugar de publicación, distribución, etc. México
Nombre del editor, distribuidor, etc. Universidad Michoacana de San Nicolás de Hidalgo, Instituto de Investigaciones Históricas
Fecha de publicación, distribución, etc. 2010
215 ## - Descripción física
Designación de material específico y extensión del ítem 149 p
Otras características físicas mapa
Dimensiones 21 cm
318 ## - Nota de acción
Acción No se presta a domicilio
345 ## - Nota de información de adquisición
Fuente de adquisición/dirección de la suscripción [OBSOLETO] Donación de Moisés Guzmán Pérez
410 #1 - Series
Título Colección Nuestras Raíces
Número de volumen 9
600 ## - Nombre personal usado como materia
Elemento de entrada Sánchez Ordiales
Parte del nombre distinta del elemento de entrada Hernán
Subdivisión temática Juicios
Número Koha 9251
606 ## - Término temático usado como materia
Elemento de entrada Brujería
Subdivisión geográfica Michoacán (México)
Subdivisión temática Historia
Subdivisión cronológica Siglo XVII
Número Koha 9252
606 ## - Término temático usado como materia
Elemento de entrada Curanderos
Subdivisión geográfica Michoacán (México)
Subdivisión temática Historia
Subdivisión cronológica Siglo XVII
Número Koha 9253
606 ## - Término temático usado como materia
Elemento de entrada Inquisición
Subdivisión geográfica Michoacán (México)
Subdivisión temática Historia
Subdivisión cronológica Siglo XVII
Número Koha 9254
702 ## - Nombre personal - Responsabilidad secundaria
Elemento de entrada Sánchez Díaz
Parte del nombre distinta del elemento de entrada Gerardo
Fechas 1953-
Número Koha 9255
702 ## - Nombre personal - Responsabilidad secundaria
Elemento de entrada Warren
Parte del nombre distinta del elemento de entrada Joseph Benedict
Número Koha 9256
801 #0 - Fuente de origen
País FR
Agencia cm
Reglas de catalogación (convenciones descriptivas) AFNOR
900 ## -
-- 1/20251
942 ## - ELEMENTOS DE ENTRADA SECUNDARIOS (KOHA)
Tipo de ítem Koha Livre
996 ## -
-- MEX
-- 751145101
-- MMAG
-- 000064
-- 272.20 C975
-- 20110830LIV
996 ## -
-- MEX
-- 751145101
-- MMAG
-- 000065
-- R272.20 C975
-- 20110830LIV
Exemplaires
Estatus retirado Estado de daño Estado de pérdida Fecha de adquisición Biblioteca de origen Biblioteca actual Ubicación en estantería Código de barras Precio de reemplazo Signatura topográfica completa No para préstamo Tipo de ítem Koha Nota pública Nota no pública
      05/08/2025 Casa México Paris Casa México Paris   000064 05/08/2025 272.20 C975 No se presta a domicilio Livre 20110830LIV 751145101